000 00581cam a22002053a 4500
001 39550
003 PGUSA
005 20140828083858.0
008 120427s2012||||xxu|||||s|||||000 | eng d
040 _aPGUSA
_beng
042 _adc
100 1 _aHirtzler, Victor,
_d-1931
245 1 4 _aThe Hotel St. Francis Cook Book
_h[electronic resource] /
_cVictor Hirtzler
260 _bProject Gutenberg,
_c2012
506 _aPublic domain in the USA.
516 _aElectronic text
830 0 _aProject Gutenberg
_v39550
856 4 0 _uhttp://www.gutenberg.org/ebooks/39550
942 _cEB
999 _c268803
_d268803